| 000 -LEADER |
| fixed length control field |
00797cam a22002174a 4500 |
| 001 - CONTROL NUMBER |
| control field |
16800410 |
| 005 - DATE AND TIME OF LATEST TRANSACTION |
| control field |
20230421105751.0 |
| 008 - FIXED-LENGTH DATA ELEMENTS--GENERAL INFORMATION |
| fixed length control field |
110527s2012 nyua b 000 0 eng |
| 020 ## - INTERNATIONAL STANDARD BOOK NUMBER |
| International Standard Book Number |
9781848728684 |
| 041 ## - LANGUAGE CODE |
| Language code of text/sound track or separate title |
eng |
| 080 ## - UNIVERSAL DECIMAL CLASSIFICATION NUMBER |
| Universal Decimal Classification number |
316.6 H-22 |
| 245 00 - TITLE STATEMENT |
| Title |
Handbook of the history of social psychology / |
| Statement of responsibility, etc. |
edited by Arie W. Kruglanski and Wolfgang Stroebe. |
| 264 ## - PRODUCTION, PUBLICATION, DISTRIBUTION, MANUFACTURE, AND COPYRIGHT NOTICE |
| Place of production, publication, distribution, manufacture |
London : |
| Name of producer, publisher, distributor, manufacturer |
Routledge, |
| Date of production, publication, distribution, manufacture, or copyright notice |
2012. |
| 300 ## - PHYSICAL DESCRIPTION |
| Extent |
532 p. : |
| Other physical details |
ill. ; |
| Dimensions |
29 cm. |
| 650 #0 - SUBJECT ADDED ENTRY--TOPICAL TERM |
| Topical term or geographic name entry element |
Social psychology |
| General subdivision |
History |
| Form subdivision |
Handbooks, manuals, etc. |
| 9 (RLIN) |
17695 |
| 650 #0 - SUBJECT ADDED ENTRY--TOPICAL TERM |
| Topical term or geographic name entry element |
Social psychology. |
| 9 (RLIN) |
17696 |
| 653 ## - INDEX TERM--UNCONTROLLED |
| keyword |
სოციალური ფსიქოლოგია |
| 700 1# - ADDED ENTRY--PERSONAL NAME |
| Personal name |
Kruglanski, Arie W. |
| Relator term |
რედაქტორი |
| 9 (RLIN) |
17697 |
| 700 1# - ADDED ENTRY--PERSONAL NAME |
| Personal name |
Stroebe, Wolfgang. |
| Relator term |
რედაქტორი |
| 9 (RLIN) |
17698 |
| 942 ## - ADDED ENTRY ELEMENTS (KOHA) |
| Source of classification or shelving scheme |
|
| Koha item type |
წიგნი |